[Event "Wch U12"]
[Site "Batumi"]
[Date "2022.09.25"]
[Round "9"]
[White "Villa Tornero, Alex"]
[Black "Anghelescu, Teodor Stefan"]
[Result "1-0"]
[WhiteElo "2114"]
[BlackElo "1775"]
[PlyCount "75"]
[EventDate "2022.09.16"]
[EventType "swiss"]
[EventRounds "11"]
[EventCountry "GEO"]
[SourceTitle "EXT 2023"]
[Source "ChessBase"]
[SourceDate "2022.10.05"]
[SourceVersion "1"]
[SourceVersionDate "2022.10.05"]
[SourceQuality "1"]

1. e4 c5 2. Nf3 d6 3. Bb5+ Bd7 4. Bxd7+ Qxd7 5. c4 Nc6 6. Nc3 Nf6 7. d4 cxd4 8. Nxd4 g6 9. f3 Bg7 10. Be3 0-0 11. 0-0 Rfc8 12. b3 Qd8 13. Qd2 Nd7 14. Rac1 Nxd4 15. Bxd4 Bxd4+ 16. Qxd4 Qb6 17. Qxb6 Nxb6 18. Nd5 Nxd5 19. cxd5 Kf8 20. Kf2 Ke8 21. Ke3 Kd7 22. Kd2 Rxc1 23. Rxc1 Rc8 24. Rxc8 Kxc8 25. h4 e5 26. g4 f6 27. g5 fxg5 28. hxg5 Kd7 29. Ke3 b6 30. f4 Ke7 31. fxe5 dxe5 32. Kd3 Kd7 33. Kc4 a6 34. a4 Kc7 35. a5 bxa5 36. Kc5 Kd7 37. Kb6 Kd6 38. Kxa5 1-0

[Event "EU-chT U12"]
[Site "Thessaloniki"]
[Date "2022.07.13"]
[Round "2.2"]
[White "Sardis, Ioannis"]
[Black "Anghelescu, Teodor Stefan"]
[Result "0-1"]
[WhiteElo "1106"]
[BlackElo "1813"]
[PlyCount "108"]
[EventDate "2022.07.12"]
[EventType "team-swiss"]
[EventRounds "7"]
[EventCountry "GRE"]
[SourceTitle "EXT 2023"]
[Source "ChessBase"]
[SourceDate "2022.10.05"]
[SourceVersion "1"]
[SourceVersionDate "2022.10.05"]
[SourceQuality "1"]
[WhiteTeam "Greece Triandria U12"]
[BlackTeam "Romania U12"]
[WhiteTeamCountry "GRE"]
[BlackTeamCountry "ROU"]

1. e4 c5 2. Nf3 d6 3. Bb5+ Bd7 4. Bxd7+ Qxd7 5. c4 Nc6 6. d4 cxd4 7. Nxd4 g6 8. Be3 Bg7 9. Nc3 Nf6 10. 0-0 Ng4 11. h3 Nxe3 12. fxe3 0-0 13. Nd5 Rfc8 14. Rc1 Ne5 15. b3 e6 16. Nf6+ Bxf6 17. Rxf6 Kg7 18. Qf1 a6 19. Rf2 b5 20. Nf3 Nxf3+ 21. Rxf3 Rc7 22. Rc2 Rac8 23. Rcf2 bxc4 24. bxc4 Qe8 25. Qa1+ Kg8 26. Qd4 Qc6 27. Rc2 Qc5 28. Qd3 Qe5 29. Rc3 a5 30. a4 d5 31. exd5 exd5 32. Qd4 Qxd4 33. exd4 Rxc4 34. Rb3 Rxa4 35. Rb7 Rf8 36. Rb5 Rxd4 37. Rxa5 Rd2 38. Kf1 Rb8 39. Kg1 Rbb2 40. Ra8+ Kg7 41. Ra7 Rxg2+ 42. Kf1 Rh2 43. Rfxf7+ Kh6 44. Rxh7+ Kg5 45. h4+ Rxh4 46. Rxh4 Kxh4 47. Ra4+ Kg5 48. Ra5 Rd2 49. Ke1 Rd4 50. Ra2 Kf5 51. Rf2+ Rf4 52. Rd2 Ke5 53. Re2+ Re4 54. Rxe4+ Kxe4 0-1

[Event "ROM-ch U12"]
[Site "Eforie Nord"]
[Date "2022.04.17"]
[Round "8"]
[White "Sava, Robert Gabriel"]
[Black "Anghelescu, Teodor Stefan"]
[Result "1-0"]
[WhiteElo "1766"]
[BlackElo "1630"]
[PlyCount "93"]
[EventDate "2022.04.11"]
[EventType "swiss"]
[EventRounds "9"]
[EventCountry "ROU"]
[SourceTitle "EXT 2023"]
[Source "ChessBase"]
[SourceDate "2022.10.05"]
[SourceVersion "1"]
[SourceVersionDate "2022.10.05"]
[SourceQuality "1"]

1. c4 e6 2. Nf3 d5 3. e3 a6 4. b3 Nf6 5. Bb2 c5 6. Be2 Nc6 7. 0-0 Bd6 8. cxd5 exd5 9. d4 0-0 10. Nc3 Bg4 11. Na4 cxd4 12. Nxd4 Bxe2 13. Qxe2 Nxd4 14. Bxd4 Qe7 15. Rad1 Rad8 16. Kh1 b5 17. Nc3 Be5 18. Bxe5 Qxe5 19. Rd4 Ne4 20. Nxe4 dxe4 21. Rfd1 Rxd4 22. Rxd4 Rc8 23. g3 f5 24. Qd2 Re8 25. Kg2 Kf7 26. Rd7+ Re7 27. Rd5 Qf6 28. Rd6 Re6 29. Qd5 Ke7 30. Rd7+ Ke8 31. Rxg7 Qxg7 32. Qxe6+ Qe7 33. Qxe7+ Kxe7 34. g4 Kf6 35. Kg3 fxg4 36. Kxg4 Ke5 37. Kg5 a5 38. h4 a4 39. h5 axb3 40. axb3 b4 41. Kh6 Kf5 42. Kxh7 Kg4 43. h6 Kf3 44. Kg6 Kxf2 45. h7 Kxe3 46. h8Q Kd2 47. Qd4+ 1-0

[Event "ROM-ch U12"]
[Site "Eforie Nord"]
[Date "2022.04.13"]
[Round "4"]
[White "Gales, Randi Ioan"]
[Black "Anghelescu, Teodor Stefan"]
[Result "1/2-1/2"]
[WhiteElo "1917"]
[BlackElo "1630"]
[PlyCount "40"]
[EventDate "2022.04.11"]
[EventType "swiss"]
[EventRounds "9"]
[EventCountry "ROU"]
[SourceTitle "EXT 2023"]
[Source "ChessBase"]
[SourceDate "2022.10.05"]
[SourceVersion "1"]
[SourceVersionDate "2022.10.05"]
[SourceQuality "1"]

1. d4 d5 2. c4 e6 3. Nc3 a6 4. cxd5 exd5 5. Bf4 c6 6. e3 Bd6 7. Bxd6 Qxd6 8. Bd3 Ne7 9. Qb3 0-0 10. Nf3 Nd7 11. Ne2 Nf6 12. Ng3 Be6 13. 0-0 Rfe8 14. Qc2 Nc8 15. Rab1 Qe7 16. b4 g6 17. a4 Nb6 18. Nd2 h5 19. b5 cxb5 20. axb5 a5 1/2-1/2

[Event "EU-ch Hybrid U12"]
[Site "Tornelo INT"]
[Date "2021.10.15"]
[Round "5"]
[White "Hasanli, Ziya"]
[Black "Anghelescu, Teodor Stefan"]
[Result "1/2-1/2"]
[WhiteElo "1445"]
[BlackElo "1713"]
[PlyCount "55"]
[EventDate "2021.10.15"]
[EventType "swiss"]
[EventRounds "9"]
[EventCountry "NET"]
[SourceTitle "EXT 2023"]
[Source "ChessBase"]
[SourceDate "2022.10.05"]
[SourceVersion "1"]
[SourceVersionDate "2022.10.05"]
[SourceQuality "1"]
[WhiteTeam "Azerbaijan"]
[BlackTeam "Romania"]
[WhiteTeamCountry "AZE"]
[BlackTeamCountry "ROU"]

1. d4 d5 2. c4 e6 3. Nc3 a6 4. Nf3 dxc4 5. a4 Nc6 6. e3 Na5 7. Ne5 Nb3 8. Rb1 Nxc1 9. Rxc1 Nf6 10. Bxc4 Be7 11. 0-0 0-0 12. Qf3 c6 13. Rfd1 Bd7 14. Bd3 Rc8 15. Ne4 Nxe4 16. Bxe4 f5 17. Bb1 Rf6 18. Ba2 Be8 19. Qh3 Rh6 20. Qxf5 Qd6 21. h3 Kh8 22. Qe4 Rf6 23. Ng4 Rg6 24. d5 Rd8 25. Ne5 exd5 26. Nxg6+ Bxg6 27. Qf4 Qe6 28. Qd4 1/2-1/2

[Event "EU Union-ch U12"]
[Site "Kouty nad Desnou"]
[Date "2021.08.22"]
[Round "9.2"]
[White "Jasso, Matej"]
[Black "Anghelescu, Teodor Stefan"]
[Result "1/2-1/2"]
[WhiteElo "1598"]
[BlackElo "1594"]
[PlyCount "50"]
[EventDate "2021.08.14"]
[EventType "swiss"]
[EventRounds "9"]
[EventCountry "CZE"]
[SourceTitle "EXT 2022"]
[Source "ChessBase"]
[SourceDate "2021.10.06"]
[SourceVersion "1"]
[SourceVersionDate "2021.10.06"]
[SourceQuality "1"]

1. e4 c5 2. Nf3 Nc6 3. d4 cxd4 4. Nxd4 g6 5. Be3 Bg7 6. Nc3 Nf6 7. Bc4 Qa5 8. 0-0 0-0 9. Bb3 d6 10. f3 Bd7 11. Re1 Rfe8 12. Kh1 Rac8 13. Qd2 a6 14. Rad1 b5 15. Nxc6 Bxc6 16. Bd4 Qc7 17. a3 Nd7 18. Bxg7 Kxg7 19. Qd4+ Kg8 20. h4 Qb6 21. Ne2 Qxd4 22. Nxd4 Nc5 23. c3 Nxb3 24. Nxb3 f6 25. Nd4 Bd7 1/2-1/2

[Event "EU Union-ch U12"]
[Site "Kouty nad Desnou"]
[Date "2021.08.17"]
[Round "4.5"]
[White "Anghelescu, Teodor Stefan"]
[Black "Novomeska, Karin"]
[Result "1-0"]
[WhiteElo "1594"]
[BlackElo "1519"]
[PlyCount "95"]
[EventDate "2021.08.14"]
[EventType "swiss"]
[EventRounds "9"]
[EventCountry "CZE"]
[SourceTitle "EXT 2022"]
[Source "ChessBase"]
[SourceDate "2021.10.06"]
[SourceVersion "1"]
[SourceVersionDate "2021.10.06"]
[SourceQuality "1"]

1. d4 d5 2. Bf4 Nf6 3. e3 e6 4. Nd2 c5 5. c3 Bd6 6. Bg3 0-0 7. Ngf3 Qc7 8. Bd3 Nbd7 9. Qc2 e5 10. dxe5 Nxe5 11. Nxe5 Bxe5 12. Nf3 Bd6 13. Bh4 c4 14. Bf5 Be5 15. 0-0-0 Be6 16. Bxf6 Bxf6 17. Bxh7+ Kh8 18. Bf5 Qa5 19. a3 Rfe8 20. Nd4 Bxd4 21. Rxd4 Qd8 22. g3 Kg8 23. Rh4 Qf6 24. Bxe6 Qxe6 25. Qh7+ Kf8 26. Qh8+ Ke7 27. Qxg7 Rg8 28. Qd4 b6 29. Rd1 Rad8 30. e4 Kf8 31. exd5 Qf5 32. d6 Qg5+ 33. f4 Qg6 34. Qxc4 Rxd6 35. Qb4 Ke7 36. Rxd6 Qxd6 37. Qxd6+ Kxd6 38. Rh5 Re8 39. Re5 Rxe5 40. fxe5+ Kxe5 41. Kd2 Ke4 42. Ke2 b5 43. b3 a5 44. a4 bxa4 45. bxa4 f6 46. h3 Kd5 47. Kd3 f5 48. h4 1-0

[Event "ROM-ch U08"]
[Site "Calimanesti"]
[Date "2018.03.29"]
[Round "3"]
[White "Anghelescu, Teodor Stefan"]
[Black "Ghenghea, Victor Mihail1111"]
[Result "1-0"]
[WhiteElo "1001"]
[BlackElo "1001"]
[PlyCount "21"]
[EventDate "2018.03.27"]
[EventType "swiss"]
[EventRounds "9"]
[EventCountry "ROU"]
[SourceTitle "CBM 183 Extra"]
[Source "ChessBase"]
[SourceDate "2018.04.19"]
[SourceVersion "1"]
[SourceVersionDate "2018.04.19"]
[SourceQuality "1"]

1. d4 d5 2. Nf3 Nf6 3. Bg5 Bg4 4. e3 Bxf3 5. Qxf3 h6 6. Bxf6 gxf6 7. c4 dxc4 8. Bxc4 e5 9. Qxb7 Nd7 10. Qd5 c6 11. Qxf7# 1-0

[Event "ROM-ch U08"]
[Site "Calimanesti"]
[Date "2018.03.29"]
[Round "4"]
[White "Zamfirescu, Matei Bogdan"]
[Black "Anghelescu, Teodor Stefan"]
[Result "0-1"]
[WhiteElo "1001"]
[BlackElo "1001"]
[PlyCount "54"]
[EventDate "2018.03.27"]
[EventType "swiss"]
[EventRounds "9"]
[EventCountry "ROU"]
[SourceTitle "CBM 183 Extra"]
[Source "ChessBase"]
[SourceDate "2018.04.19"]
[SourceVersion "1"]
[SourceVersionDate "2018.04.19"]
[SourceQuality "1"]

1. d4 d5 2. e3 Nf6 3. Nc3 Bf5 4. b4 e6 5. Na4 Bxb4+ 6. c3 Bd6 7. Bd2 Nc6 8. Bb5 Qd7 9. Be2 0-0 10. Nf3 Ne4 11. Bd3 Rfe8 12. Nh4 f6 13. 0-0 e5 14. dxe5 Bxe5 15. Re1 Bg4 16. f3 Nxd2 17. Qxd2 Be6 18. Rab1 Rab8 19. Rec1 Qd6 20. a3 Bxh2+ 21. Kf1 Qg3 22. Rd1 Qxh4 23. g3 Bxg3 24. Qg2 Bh3 25. Qxh3 Qxh3+ 26. Kg1 Qh2+ 27. Kf1 Qf2# 0-1